000 00582nam a22001937a 4500
999 _c7540
_d7540
003 OSt
005 20211125154614.0
008 211125b ||||| |||| 00| 0 eng d
020 _a9780198755968
040 _cDDC
082 _a174.4 CRA 2016
100 _aCrane, Andrew; Matten,Dirk
_915437
245 _aBusiness Ethics:
_bManaging Corporate Citizenship and Sustainability in the Age of Globalization.
260 _aOxford:
_bOxford University press;
_c2016,
300 _axv,569p.;
_c26cm.
504 _aIncludes Index.
650 _aBusiness Ethics.
_95048
942 _2ddc
_cBOOK